000 01019nmm a2200301 a 4500
001 ocm0002015838
003 TR-IsHL
005 20201028181004.0
008 181216s2016 tu tur
007 cr cn
020 _a9786053848417
035 _a2015838
_b(N$T)
050 0 4 _aGR281
_b.M89 2016
090 0 4 _aGR281
_b.M89 2016
245 1 0 _aMuz kokulu masallar
_h[electronic resource] /
_ceditör Begüm Öztürk
250 _a4. bs.
260 _aİstanbul :
_bYakamoz Kitap,
_c2016
300 _a304 p.
650 4 _aDil ve Edebiyat
650 4 _aLanguage and Literature
650 0 _aEğitim, Okul Öncesi
_x Edebiyat ve kitaplar
_x Türkiye
650 0 _aEducation, Preschool
_x Literature and books
_x Turkey
650 0 _aMasallar
_x Türkiye
650 0 _aTales
_x Turkey
650 7 _a"JUVENILE FICTION / Fairy Tales & Folklore / General
_2bisacsh
700 1 _aÖztürk, Begüm
856 4 0 _uhttp://search.ebscohost.com/login.aspx?direct=true&scope=site&db=e011xww&AN=2015838
999 _c19394
_d19394